000 00435nam a2200181Ia 4500
001 19575
005 20260306172703.0
008 260306t2019||||xx |||||||||||||| ||spa||
041 _aESP
082 _a340.7
_bC75 Nº 3
100 _aVillavicencio Terreros, Felipe
_eAUT
245 0 _aDerecho penal básico
260 _c2019
300 _a163 páginas :
_c20 cm.
650 _aGEN
654 _aCDE
942 _cLIB
_dJUS
_fJUS
_2ddc
_n
999 _c19575
_d19575